MARC

LEADER 00000nam0a2200000 4500
001 265235
005 20231101233913.0
035 |a (RuTPU)RU\TPU\book\288236 
090 |a 265235 
100 |a 20140625d1968 km y0rusy50 ca 
101 0 |a rus 
102 |a RU 
105 |a y z 000zy 
200 1 |a Таблицы межплоскостных расстояний  |f С. С. Толкачев 
210 |a Ленинград  |c Химия  |d 1968 
215 |a 132 с. 
606 1 |a Аноды  |x Межплоскостные расстояния  |2 stltpush  |3 (RuTPU)RU\TPU\subj\29111  |9 52513 
610 1 |a хромовый анод 
610 1 |a железный анод 
610 1 |a кобальтовый анод 
610 1 |a никелевый анод 
610 1 |a медный анод 
610 1 |a молибденовый анод 
610 1 |a величины 
610 1 |a значения 
610 1 |a таблицы 
675 |a 539.26(083)  |v 3 
700 1 |a Толкачев  |b С. С.  |g Сергей Сергеевич 
801 1 |a RU  |b 63413507  |c 20140625 
801 2 |a RU  |b 63413507  |c 20220606  |g RCR 
942 |c BK